书目信息 |
| 题名: |
电动机及控制线路
|
|
| 作者: | 张普庆 , 杨锦忠 , 李德俊 编 | |
| 分册: | ||
| 出版信息: | 北京 化学工业出版社 2007.09 |
|
| 页数: | 212页 | |
| 开本: | 21cm | |
| 丛书名: | ||
| 单 册: | ||
| 中图分类: | TM320.12 | |
| 科图分类: | ||
| 主题词: | 电动机--dian dong ji--控制电路 | |
| 电子资源: | ||
| ISBN: | 978-7-122-00743-8 | |
| 000 | 00955nam0 2200253 450 | |
| 001 | 012008220481 | |
| 005 | 20080605103748.15 | |
| 010 | @a978-7-122-00743-8@dCNY16.00 | |
| 100 | @a20080605d2007 em y0chiy0120 ea | |
| 101 | 0 | @achi |
| 102 | @aCN@b110000 | |
| 105 | @aa z 000yy | |
| 106 | @ar | |
| 200 | 1 | @a电动机及控制线路@Adian dong ji ji kong zhi xian lu@f张普庆, 杨锦忠, 李德俊编@Fzhang pu qing,yang jin zhong,li de jun bian |
| 210 | @a北京@c化学工业出版社@d2007.09 | |
| 215 | @a212页@c图@d21cm | |
| 330 | @a本书内容较为广泛,包括了直流电动机、三相异步电动机和单相异步电动机的原理、结构、型号、铭牌数据和基本使用方法;常用控制电器的原理和应用;电气图及其中的图形符号和文字符号。 | |
| 606 | 0 | @a电动机@Adian dong ji@x控制电路 |
| 690 | @aTM320.12@v4 | |
| 701 | 0 | @a张普庆@Azhang pu qing@4编 |
| 701 | 0 | @a杨锦忠@Ayang jin zhong@4编 |
| 701 | 0 | @a李德俊@Ali de jun@4编 |
| 801 | 0 | @aCN@bQSSK@c20080605 |
| 905 | @b724738-40@dTM320.12@eZ155@f3 | |
| 电动机及控制线路/张普庆, 杨锦忠, 李德俊编.-北京:化学工业出版社,2007.09 |
| 212页:图;21cm |
| ISBN 978-7-122-00743-8:CNY16.00 |
| 本书内容较为广泛,包括了直流电动机、三相异步电动机和单相异步电动机的原理、结构、型号、铭牌数据和基本使用方法;常用控制电器的原理和应用;电气图及其中的图形符号和文字符号。 |
| ● |
| 相关链接 |
|
|
|
正题名:电动机及控制线路
索取号:TM320.12/Z155
 
预约/预借
| 序号 | 登录号 | 条形码 | 馆藏地/架位号 | 状态 | 备注 |
| 1 | 724738 | 207247380 | 自科二线404/301自科库 8排3列6层/ [索取号:TM320.12/Z155] | 在馆 | |
| 2 | 724739 | 207247399 | 自科库301/301自科库 11排4列2层/ [索取号:TM320.12/Z155] | 在馆 | |
| 3 | 724740 | 207247406 | 自科库301/301自科库 11排4列2层/ [索取号:TM320.12/Z155] | 在馆 |